[Event "CAN-op U2200"]
[Site "Sault Ste Marie CAN"]
[Date "2017.07.16"]
[Round "9"]
[White "Xu, Ruoying"]
[Black "Aniunoh, Chike Jude"]
[Result "1/2-1/2"]
[WhiteElo "2064"]
[BlackElo "2153"]
[WhiteFideId "-1"]
[WhiteFideId "-1"]
[PlyCount "156"]
[GameId "2160767908344362"]
[EventDate "2017.07.08"]
[EventType "swiss"]
[EventRounds "9"]
[EventCountry "CAN"]
[SourceTitle "EXT 2022"]
[Source "ChessBase"]
[SourceDate "2021.10.06"]
[SourceVersion "1"]
[SourceVersionDate "2021.10.06"]
[SourceQuality "1"]

1. d4 Nf6 2. Nf3 d6 3. Bg5 Ne4 4. Bf4 g6 5. e3 Bg7 6. Bd3 Nf6 7. Bg5 O-O 8. O-O c5 9. c3 Nc6 10. Nbd2 a6 11. a4 Qc7 12. Qe2 Be6 13. Bxf6 Bxf6 14. Ne4 Bg7 15. dxc5 dxc5 16. Nxc5 Bg4 17. Nb3 Rfd8 18. Be4 Qb6 19. Nbd4 e5 20. Nxc6 bxc6 21. h3 Bxf3 22. Bxf3 a5 23. Rfd1 Bf6 24. Rab1 Rab8 25. Rxd8+ Rxd8 26. Be4 Be7 27. Qc4 Rd6 28. b4 Kg7 29. bxa5 Qxa5 30. Bxc6 Qc7 31. Rb7 Qxc6 32. Qxc6 Rxc6 33. Rxe7 Kf6 34. Ra7 Rxc3 35. g4 Ra3 36. Kg2 h6 37. h4 Ra1 38. Ra6+ Kg7 39. g5 hxg5 40. hxg5 Ra3 41. Kf3 Ra2 42. Ra7 Kg8 43. a5 Kg7 44. a6 Ra4 45. Ra8 Kh7 46. a7 Kg7 47. Ke2 Ra3 48. Kd2 Kh7 49. Kc2 Kg7 50. Kb2 Ra4 51. Kb3 Ra1 52. Kc4 Ra5 53. Kb4 Ra1 54. Kc5 Kh7 55. Kd6 Ra5 56. Kc7 Ra1 57. Kb6 Rb1+ 58. Kc5 Ra1 59. Kd6 Ra5 60. Rd8 Rxa7 61. Kxe5 Kg7 62. f4 Ra1 63. e4 Re1 64. Rd4 Re2 65. Rb4 Re1 66. Kd6 Rd1+ 67. Ke7 Ra1 68. Rd4 Ra7+ 69. Kd6 Ra1 70. Ke5 Re1 71. Ra4 Re2 72. f5 gxf5 73. Kxf5 Rf2+ 74. Ke5 Kg6 75. Ra1 Kxg5 76. Rg1+ Kh6 77. Rg3 Rf1 78. Rg8 Rf2 1/2-1/2

[Event "CAN-op U2200"]
[Site "Sault Ste Marie CAN"]
[Date "2017.07.16"]
[Round "9"]
[White "Zapata, Julian"]
[Black "Drkulec, Vladimir"]
[Result "0-1"]
[WhiteElo "1876"]
[BlackElo "2000"]
[WhiteFideId "-1"]
[WhiteFideId "-1"]
[PlyCount "76"]
[GameId "2160767739780349"]
[EventDate "2017.07.08"]
[EventType "swiss"]
[EventRounds "9"]
[EventCountry "CAN"]
[SourceTitle "EXT 2022"]
[Source "ChessBase"]
[SourceDate "2021.10.06"]
[SourceVersion "1"]
[SourceVersionDate "2021.10.06"]
[SourceQuality "1"]

1. e4 e5 2. Nf3 Nc6 3. Bc4 Bc5 4. d3 Nf6 5. O-O h6 6. c3 d6 7. Be3 Bb6 8. Nbd2 O-O 9. Bxb6 axb6 10. d4 exd4 11. Nxd4 Nxd4 12. cxd4 d5 13. Bd3 dxe4 14. Nxe4 Qxd4 15. Bc2 Qxb2 16. Qd3 Nxe4 17. Qxe4 g6 18. Bb3 Kg7 19. Rac1 c6 20. Qe3 b5 21. Rc3 Bf5 22. g4 Bxg4 23. Qd4+ Kg8 24. Qf6 Bf5 25. Rxc6 Qxf6 26. Rxf6 Ra6 27. Rxa6 bxa6 28. Re1 Bd3 29. Re7 a5 30. a4 Bc4 31. Bxc4 bxc4 32. Rc7 Rb8 33. Rc5 c3 34. Rxc3 Rb4 35. Ra3 g5 36. Kg2 Kg7 37. f3 Kg6 38. Ra2 Kf5 {time} 0-1

[Event "CMA Futurity 2017.02.14 ABC"]
[Site "Toronto CAN"]
[Date "2017.03.14"]
[Round "1"]
[White "Gordon, David"]
[Black "Hua, Eugene"]
[Result "1/2-1/2"]
[WhiteElo "2187"]
[BlackElo "2163"]
[WhiteFideId "-1"]
[WhiteFideId "-1"]
[PlyCount "93"]
[GameId "2160767908411967"]
[EventDate "2017.04.14"]
[EventType "tourn"]
[EventRounds "5"]
[EventCountry "CAN"]
[SourceTitle "EXT 2022"]
[Source "ChessBase"]
[SourceDate "2021.10.06"]
[SourceVersion "1"]
[SourceVersionDate "2021.10.06"]
[SourceQuality "1"]

1. d4 Nf6 2. Bg5 c6 3. Nf3 Qb6 4. Nbd2 Qxb2 5. e4 d5 6. exd5 Nxd5 7. Nc4 Qb4+ 8. Bd2 Qa4 9. Bd3 e6 10. O-O Nd7 11. Qe2 Be7 12. Rab1 b5 13. Nce5 b4 14. Rfe1 O-O 15. Qe4 f5 16. Qe2 Nxe5 17. Nxe5 Bf6 18. Bc4 Rb8 19. Rb3 Rb6 20. Rh3 g6 21. Rg3 Rb7 22. Bb3 Qa5 23. Bh6 Bxe5 24. Qxe5 Rff7 25. h4 Qc7 26. Qe2 f4 27. Rg5 f3 28. gxf3 Nf4 29. Qe4 Nh3+ 30. Kg2 Nxg5 31. Bxg5 Qd6 32. f4 Rb5 33. Re3 a5 34. Kg1 Kg7 35. h5 Rff5 36. hxg6 hxg6 37. Bxe6 Rxg5+ 38. fxg5 Rxg5+ 39. Kf1 Ba6+ 40. Ke1 Qh2 41. Rg3 Rxg3 42. Qe5+ Kh7 43. Qc7+ Kh6 44. Qf4+ Kg7 45. Qf7+ Kh6 46. Qf4+ Kg7 47. Qf7+ 1/2-1/2

[Event "CMA Futurity 2017.02.14 ABC"]
[Site "Toronto CAN"]
[Date "2017.04.14"]
[Round "1"]
[White "Noritsyn, Sergey"]
[Black "Bluvshtein, Ilia"]
[Result "0-1"]
[WhiteElo "2097"]
[BlackElo "2100"]
[WhiteFideId "-1"]
[WhiteFideId "-1"]
[PlyCount "64"]
[GameId "2160767908411968"]
[EventDate "2017.04.14"]
[EventType "tourn"]
[EventRounds "5"]
[EventCountry "CAN"]
[SourceTitle "EXT 2022"]
[Source "ChessBase"]
[SourceDate "2021.10.06"]
[SourceVersion "1"]
[SourceVersionDate "2021.10.06"]
[SourceQuality "1"]

1. e4 e5 2. Nf3 Nc6 3. d4 exd4 4. Bc4 Nf6 5. e5 d5 6. Bb5 Ne4 7. O-O Bc5 8. Nxd4 O-O 9. Nxc6 bxc6 10. Bxc6 Ba6 11. Be3 Bxe3 12. fxe3 Bxf1 13. Qxf1 Rb8 14. Nc3 Nxc3 15. bxc3 Rb6 16. Ba4 Qe7 17. Qd3 Qxe5 18. Bb3 Rd6 19. Qd4 Re8 20. Re1 a6 21. Qxe5 Rxe5 22. Kf2 Kf8 23. Rd1 c5 24. Kf3 c4 25. Ba4 Rf6+ 26. Ke2 Ke7 27. Rd4 Rfe6 28. Kd2 Kd6 29. Rg4 Rxe3 30. Kc1 g6 31. Rf4 f5 32. g4 R6e4 0-1

[Event "CMA Futurity 2017.02.14 ABC"]
[Site "Toronto CAN"]
[Date "2017.04.14"]
[Round "1"]
[White "Zotkin, Daniel"]
[Black "Zhao, Harry"]
[Result "0-1"]
[WhiteElo "1986"]
[BlackElo "1833"]
[WhiteFideId "-1"]
[WhiteFideId "-1"]
[PlyCount "81"]
[GameId "2160767908411969"]
[EventDate "2017.04.14"]
[EventType "tourn"]
[EventRounds "5"]
[EventCountry "CAN"]
[SourceTitle "EXT 2022"]
[Source "ChessBase"]
[SourceDate "2021.10.06"]
[SourceVersion "1"]
[SourceVersionDate "2021.10.06"]
[SourceQuality "1"]

1. e4 d5 2. exd5 Qxd5 3. Nc3 Qa5 4. d4 Nf6 5. Nf3 c6 6. Bc4 Bg4 7. Bd2 e6 8. h3 Bh5 9. Qe2 Bb4 10. O-O Nbd7 11. a3 Bxc3 12. Bxc3 Qc7 13. Rfe1 O-O 14. Bd2 Nd5 15. Bd3 Nf4 16. Bxh7+ Kxh7 17. Qe4+ Ng6 18. g4 Nf6 19. Ng5+ Kg8 20. Qh1 Rfd8 21. gxh5 Nxh5 22. Qf3 Nf6 23. c3 Rd5 24. Ne4 Rf5 25. Nxf6+ Rxf6 26. Qg3 Qb6 27. Bg5 Rf5 28. b4 Qb5 29. Bd2 Qd5 30. f4 Rh5 31. Kh2 Rd8 32. Rg1 Qb3 33. Rg2 Kf8 34. Qd3 Rdd5 35. Rag1 Rdf5 36. Qe4 Rh4 37. Rg4 Rfh5 38. Rxh4 Nxh4 39. Rg5 Rxg5 40. fxg5 Qa2 41. Qf4 0-1

[Event "CMA Futurity 2017.02.14 ABC"]
[Site "Toronto CAN"]
[Date "2017.03.15"]
[Round "2"]
[White "Bluvshtein, Ilia"]
[Black "Gordon, David"]
[Result "1/2-1/2"]
[WhiteElo "2100"]
[BlackElo "2187"]
[WhiteFideId "-1"]
[WhiteFideId "-1"]
[PlyCount "59"]
[GameId "2160767908411970"]
[EventDate "2017.04.14"]
[EventType "tourn"]
[EventRounds "5"]
[EventCountry "CAN"]
[SourceTitle "EXT 2022"]
[Source "ChessBase"]
[SourceDate "2021.10.06"]
[SourceVersion "1"]
[SourceVersionDate "2021.10.06"]
[SourceQuality "1"]

1. e4 c5 2. Nf3 Nc6 3. d4 cxd4 4. Nxd4 e5 5. Nb5 d6 6. N1c3 a6 7. Na3 Be7 8. Nd5 Nf6 9. Nxf6+ Bxf6 10. Bc4 O-O 11. O-O Ne7 12. Be3 b5 13. Bd5 Nxd5 14. exd5 Bd7 15. c3 Qc7 16. Qd2 Qb7 17. Rac1 Rfc8 18. Rfd1 Rc7 19. b3 Bd8 20. h3 Rcc8 21. c4 Bb6 22. b4 Bxe3 23. Qxe3 bxc4 24. Nxc4 Ba4 25. Qb6 Rcb8 26. Qxb7 Rxb7 27. Nxd6 Rxb4 28. Rd2 f6 29. f3 Rd8 30. Ne4 1/2-1/2

[Event "CMA Futurity 2017.02.14 ABC"]
[Site "Toronto CAN"]
[Date "2017.04.15"]
[Round "2"]
[White "Cheryachukin, Yury"]
[Black "Srinivas, Atharva"]
[Result "1-0"]
[WhiteElo "1781"]
[BlackElo "1037"]
[WhiteFideId "-1"]
[WhiteFideId "-1"]
[PlyCount "145"]
[GameId "2160767908411971"]
[EventDate "2017.04.14"]
[EventType "tourn"]
[EventRounds "5"]
[EventCountry "CAN"]
[SourceTitle "EXT 2022"]
[Source "ChessBase"]
[SourceDate "2021.10.06"]
[SourceVersion "1"]
[SourceVersionDate "2021.10.06"]
[SourceQuality "1"]

1. e4 e5 2. Nf3 Nc6 3. d4 exd4 4. Nxd4 Bc5 5. Be3 Qf6 6. c3 d6 7. Nc2 Bxe3 8. Nxe3 Nge7 9. Nd2 O-O 10. Bc4 Ne5 11. Be2 c6 12. O-O N7g6 13. g3 Bh3 14. Ng2 Rfe8 15. f4 Nd7 16. Bf3 Nb6 17. a4 a5 18. Qb3 Qd8 19. Rad1 Qc7 20. Rfe1 Rad8 21. Ne3 Be6 22. Qc2 Bc8 23. b3 d5 24. e5 Bd7 25. Bg2 Bc8 26. Nf3 Bd7 27. h4 f6 28. h5 Nf8 29. Nf5 Bxf5 30. Qxf5 Qd7 31. Bh3 fxe5 32. Nxe5 Qxf5 33. Bxf5 Nfd7 34. Nxd7 Rxe1+ 35. Rxe1 Nxd7 36. h6 g6 37. Bxd7 Rxd7 38. Re8+ Kf7 39. Rh8 Kf6 40. Rf8+ Ke7 41. Ra8 d4 42. cxd4 Rxd4 43. Rh8 b5 44. Rxh7+ Kf8 45. axb5 cxb5 46. Ra7 Rd1+ 47. Kg2 Rd2+ 48. Kh3 Kg8 49. Rg7+ Kh8 50. Rxg6 a4 51. bxa4 bxa4 52. Ra6 Rd1 53. Kg4 Rd4 54. Kg5 Rd3 55. g4 a3 56. Kg6 Rd8 57. Rxa3 Rd6+ 58. Kg5 Kh7 59. Ra7+ Kh8 60. f5 Rd5 61. Kg6 Rd8 62. g5 Rg8+ 63. Kf6 Rf8+ 64. Rf7 Rxf7+ 65. Kxf7 Kh7 66. g6+ Kxh6 67. g7 Kh5 68. g8=Q Kh4 69. Ke6 Kh5 70. f6 Kh4 71. f7 Kh5 72. f8=Q Kh4 73. Qh6# 1-0

[Event "CMA Futurity 2017.02.14 ABC"]
[Site "Toronto CAN"]
[Date "2017.04.15"]
[Round "2"]
[White "Li, William"]
[Black "Zhao, Harry"]
[Result "1/2-1/2"]
[WhiteElo "1990"]
[BlackElo "1833"]
[WhiteFideId "-1"]
[WhiteFideId "-1"]
[PlyCount "76"]
[GameId "2160767908411973"]
[EventDate "2017.04.14"]
[EventType "tourn"]
[EventRounds "5"]
[EventCountry "CAN"]
[SourceTitle "EXT 2022"]
[Source "ChessBase"]
[SourceDate "2021.10.06"]
[SourceVersion "1"]
[SourceVersionDate "2021.10.06"]
[SourceQuality "1"]

1. e4 d5 2. exd5 Qxd5 3. Nc3 Qa5 4. d4 Nf6 5. Nf3 c6 6. Bc4 Bg4 7. h3 Bh5 8. O-O e6 9. g4 Bg6 10. Ne5 Nbd7 11. Qe2 O-O-O 12. Bf4 Nxe5 13. Bxe5 h5 14. a3 Bd6 15. b4 Qc7 16. b5 Bxe5 17. dxe5 Nd5 18. Nxd5 cxd5 19. Bd3 hxg4 20. hxg4 Rh4 21. Bxg6 fxg6 22. Kg2 Qc3 23. Rh1 Rdh8 24. Qe3 Qxe3 25. fxe3 Rxh1 26. Rxh1 Rxh1 27. Kxh1 Kc7 28. Kg2 Kb6 29. Kf3 Kxb5 30. Kf4 Ka4 31. Kg5 Kxa3 32. Kxg6 Kb2 33. Kf7 a5 34. Kxe6 a4 35. Kxd5 a3 36. e6 a2 37. e7 a1=Q 38. e8=Q Qh1+ 1/2-1/2

[Event "CMA Futurity 2017.02.14 ABC"]
[Site "Toronto CAN"]
[Date "2017.04.15"]
[Round "2"]
[White "Zotkin, Daniel"]
[Black "Zhao, Yue Tong (Davy)"]
[Result "0-1"]
[WhiteElo "1986"]
[BlackElo "1870"]
[WhiteFideId "-1"]
[WhiteFideId "-1"]
[PlyCount "58"]
[GameId "2160767908411977"]
[EventDate "2017.04.14"]
[EventType "tourn"]
[EventRounds "5"]
[EventCountry "CAN"]

1. e4 d6 2. d4 Nf6 3. Nc3 Nbd7 4. Be3 e5 5. f3 Be7 6. Qd2 O-O 7. O-O-O c6 8. a3 a5 9. d5 Qc7 10. Be2 Nb6 11. f4 Ng4 12. f5 Nxe3 13. Qxe3 cxd5 14. Nxd5 Nxd5 15. Rxd5 Bd7 16. Nf3 Rfc8 17. c3 Bc6 18. Rd2 b5 19. Rc2 b4 20. cxb4 Qb7 21. Nd2 axb4 22. Bc4 bxa3 23. bxa3 d5 24. exd5 Bxd5 25. Qxe5 Bxa3+ 26. Kd1 Bxc4 27. Nxc4 Rxc4 28. Rxc4 Qb3+ 29. Rc2 Rd8+ 0-1

[Event "CMA Futurity 2017.02.14 ABC"]
[Site "Toronto CAN"]
[Date "2017.04.15"]
[Round "3"]
[White "Li, Eric M"]
[Black "Rusonik, Max"]
[Result "1-0"]
[WhiteElo "1753"]
[BlackElo "1718"]
[WhiteFideId "-1"]
[WhiteFideId "-1"]
[PlyCount "101"]
[GameId "2160767908411979"]
[EventDate "2017.04.14"]
[EventType "tourn"]
[EventRounds "5"]
[EventCountry "CAN"]
[SourceTitle "EXT 2022"]
[Source "ChessBase"]
[SourceDate "2021.10.06"]
[SourceVersion "1"]
[SourceVersionDate "2021.10.06"]
[SourceQuality "1"]

1. d4 f5 2. e4 fxe4 3. Nc3 Nf6 4. Bg5 g6 5. Bxf6 exf6 6. Nxe4 f5 7. Ng3 Bg7 8. Qe2+ Kf7 9. O-O-O d6 10. Nf3 Re8 11. Qd2 h6 12. h4 Qf6 13. h5 g5 14. Bc4+ Be6 15. Bxe6+ Qxe6 16. Kb1 Nc6 17. c3 Qd7 18. Qc2 Ne7 19. Qb3+ d5 20. Qxb7 f4 21. Ne2 Nc6 22. Qb5 Rab8 23. Qd3 Na5 24. g3 Nc4 25. b3 Qb5 26. Nc1 fxg3 27. Ka1 gxf2 28. Rhf1 Nd6 29. Rxf2 Qxd3 30. Nxd3 Ne4 31. Nxg5+ Kg8 32. Nxe4 dxe4 33. Nc5 Rbd8 34. Kb1 Rd5 35. Kc2 e3 36. Re2 Bf6 37. Kd3 Bg5 38. Ne4 Kg7 39. Nxg5 hxg5 40. Rde1 Ra5 41. a4 Kf6 42. Rxe3 Rxe3+ 43. Kxe3 Kf5 44. Kd3 Ra6 45. Re7 Rc6 46. c4 a5 47. d5 Rb6 48. Rxc7 Rxb3+ 49. Kd4 Rb1 50. Rf7+ Kg4 51. d6 1-0

[Event "CMA Futurity 2017.02.14 ABC"]
[Site "Toronto CAN"]
[Date "2017.04.15"]
[Round "3"]
[White "Liu, Lambert"]
[Black "Li, William"]
[Result "1/2-1/2"]
[WhiteElo "1923"]
[BlackElo "1990"]
[WhiteFideId "-1"]
[WhiteFideId "-1"]
[PlyCount "74"]
[GameId "2160767908411980"]
[EventDate "2017.04.14"]
[EventType "tourn"]
[EventRounds "5"]
[EventCountry "CAN"]

1. e4 c5 2. Nf3 Nf6 3. e5 Nd5 4. d4 cxd4 5. Nxd4 g6 6. f4 Nc6 7. Bc4 Nc7 8. Nc3 Bg7 9. Nxc6 bxc6 10. Ne4 O-O 11. O-O Ne8 12. Be3 d6 13. c3 Qc7 14. exd6 exd6 15. Bb3 Qe7 16. Qf3 Be6 17. Rfe1 Qb7 18. Qd1 Bd5 19. Qc2 Bxe4 20. Qxe4 Nf6 21. Qd3 d5 22. Bd4 Rfe8 23. c4 dxc4 24. Qxc4 Nd5 25. Bxg7 Kxg7 26. Qd4+ Kg8 27. Rad1 Qb6 28. Qxb6 Nxb6 29. Rxe8+ Rxe8 30. Kf2 c5 31. Rc1 Rc8 32. Bc4 Kf8 33. g3 Nxc4 34. Rxc4 Ke7 35. Ke3 f5 36. Rc2 Kd6 37. Rd2+ Kc6 1/2-1/2

[Event "CMA Futurity 2017.02.14 ABC"]
[Site "Toronto CAN"]
[Date "2017.04.15"]
[Round "3"]
[White "Wang, Constance"]
[Black "Uthayakumar, Ronan"]
[Result "1/2-1/2"]
[WhiteElo "1695"]
[BlackElo "1633"]
[WhiteFideId "-1"]
[WhiteFideId "-1"]
[PlyCount "95"]
[GameId "2160767908411984"]
[EventDate "2017.04.14"]
[EventType "tourn"]
[EventRounds "5"]
[EventCountry "CAN"]
[SourceTitle "EXT 2022"]
[Source "ChessBase"]
[SourceDate "2021.10.06"]
[SourceVersion "1"]
[SourceVersionDate "2021.10.06"]
[SourceQuality "1"]

1. e4 c5 2. Nf3 Nc6 3. d4 cxd4 4. Nxd4 g6 5. c4 Nf6 6. Nc3 Nxd4 7. Qxd4 d6 8. Be3 Bg7 9. Be2 O-O 10. Qd2 Be6 11. f3 a5 12. O-O a4 13. Bd4 Qa5 14. Qe3 Nd7 15. f4 Rfc8 16. Bxg7 Kxg7 17. Qd4+ Nf6 18. f5 Bd7 19. Nd5 Qc5 20. Qxc5 Rxc5 21. fxg6 hxg6 22. Nxf6 exf6 23. Rfd1 Ra6 24. b4 axb3 25. axb3 Rxa1 26. Rxa1 Re5 27. Bf3 Bc6 28. Rd1 Bxe4 29. Bxe4 Rxe4 30. Rxd6 b5 31. cxb5 Rb4 32. Rb6 Rxb3 33. Kf2 f5 34. h4 Kh6 35. Rb8 Kh5 36. Rh8+ Kg4 37. Rh7 Rxb5 38. Rxf7 Rb2+ 39. Kf1 Kxh4 40. Rf6 Kg5 41. Rc6 f4 42. Rc3 Kg4 43. Rd3 g5 44. Rf3 Ra2 45. Rc3 Kf5 46. Rc5+ Kg6 47. Rc3 g4 48. Rc5 1/2-1/2

[Event "CMA Futurity 2017.02.14 ABC"]
[Site "Toronto CAN"]
[Date "2017.04.15"]
[Round "3"]
[White "Zheng, Kevin"]
[Black "Cheryachukin, Yury"]
[Result "0-1"]
[WhiteElo "1732"]
[BlackElo "1781"]
[WhiteFideId "-1"]
[WhiteFideId "-1"]
[PlyCount "100"]
[GameId "2160767908411986"]
[EventDate "2017.04.14"]
[EventType "tourn"]
[EventRounds "5"]
[EventCountry "CAN"]
[SourceTitle "EXT 2022"]
[Source "ChessBase"]
[SourceDate "2021.10.06"]
[SourceVersion "1"]
[SourceVersionDate "2021.10.06"]
[SourceQuality "1"]

1. d4 d5 2. c4 e6 3. Nc3 c6 4. Nf3 dxc4 5. e4 b5 6. a3 Bb7 7. b3 cxb3 8. Qxb3 Nd7 9. Bf4 Ngf6 10. Bd3 Be7 11. O-O O-O 12. Rfd1 a6 13. Rac1 c5 14. dxc5 Nxc5 15. Qb1 Nxd3 16. Rxd3 Qa5 17. e5 Nd5 18. Nxd5 Bxd5 19. Bd2 Qb6 20. Re1 h6 21. Qc1 Rac8 22. Qb2 Rfd8 23. Be3 Bc5 24. Bxc5 Qxc5 25. Red1 Qc2 26. Qb4 Qc7 27. Qd2 Qb6 28. Ne1 Kh7 29. Qf4 Rf8 30. h3 Rc4 31. Qd2 Qc7 32. Qb2 Rc8 33. Qe2 Re4 34. Re3 Qxe5 35. Qd3 f5 36. Nc2 Rxe3 37. Nxe3 Rc3 38. Qb1 Rxa3 39. g4 Qe4 40. Qxe4 Bxe4 41. Rc1 f4 42. Nf1 Rxh3 43. Nh2 Rb3 44. Ra1 a5 45. Nf1 Rb1 46. Rxa5 Bd3 47. Kg2 Rxf1 48. Kf3 Bc4 49. Kxf4 Rxf2+ 50. Ke5 Ra2 0-1

[Event "CMA Futurity 2017.02.14 ABC"]
[Site "Toronto CAN"]
[Date "2017.04.16"]
[Round "4"]
[White "Li, William"]
[Black "Zotkin, Daniel"]
[Result "1/2-1/2"]
[WhiteElo "1990"]
[BlackElo "1986"]
[WhiteFideId "-1"]
[WhiteFideId "-1"]
[PlyCount "70"]
[GameId "2160767908411988"]
[EventDate "2017.04.14"]
[EventType "tourn"]
[EventRounds "5"]
[EventCountry "CAN"]
[SourceTitle "EXT 2022"]
[Source "ChessBase"]
[SourceDate "2021.10.06"]
[SourceVersion "1"]
[SourceVersionDate "2021.10.06"]
[SourceQuality "1"]

1. e4 c5 2. Nf3 Nc6 3. c3 Nf6 4. e5 Nd5 5. d4 cxd4 6. Bc4 Nb6 7. Bb3 d5 8. exd6 Qxd6 9. O-O Bf5 10. Nxd4 Nxd4 11. cxd4 e6 12. Nc3 Be7 13. Qf3 Qd7 14. Rd1 O-O 15. d5 exd5 16. Nxd5 Nxd5 17. Rxd5 Qe6 18. Rd1 Qg6 19. Qg3 Qxg3 20. hxg3 Bf6 21. Rd5 Be4 22. Rd1 Rac8 23. f3 Bc2 24. Rd7 Bxb3 25. axb3 Rfd8 26. Rxd8+ Rxd8 27. Kf1 a6 28. Ke2 Rd5 29. Ra4 Rb5 30. Re4 h5 31. b4 Bg5 32. Be3 Bxe3 33. Kxe3 Kf8 34. g4 Rg5 35. Kd4 hxg4 1/2-1/2

[Event "CMA Futurity 2017.02.14 ABC"]
[Site "Toronto CAN"]
[Date "2017.04.16"]
[Round "4"]
[White "Noritsyn, Sergey"]
[Black "Gordon, David"]
[Result "1-0"]
[WhiteElo "2097"]
[BlackElo "2187"]
[WhiteFideId "-1"]
[WhiteFideId "-1"]
[PlyCount "131"]
[GameId "2160767908411989"]
[EventDate "2017.04.14"]
[EventType "tourn"]
[EventRounds "5"]
[EventCountry "CAN"]
[SourceTitle "EXT 2022"]
[Source "ChessBase"]
[SourceDate "2021.10.06"]
[SourceVersion "1"]
[SourceVersionDate "2021.10.06"]
[SourceQuality "1"]

1. e4 c5 2. Nf3 Nc6 3. c3 Nf6 4. e5 Nd5 5. d4 cxd4 6. cxd4 d6 7. Bc4 dxe5 8. Nxe5 e6 9. O-O Be7 10. Nxc6 bxc6 11. Nc3 O-O 12. Re1 a5 13. Ne4 Ba6 14. Bb3 Qb6 15. a3 Rfd8 16. Ng5 Rab8 17. Bc2 Nf6 18. Be3 Qxb2 19. Qd2 Qb5 20. Bf4 Ra8 21. Qe3 Qb2 22. Nxf7 Bc4 23. Nxd8 Rxd8 24. Rac1 Qxd4 25. Bc7 Ng4 26. Qxd4 Rxd4 27. Bb6 c5 28. Re4 Bd5 29. Rxd4 cxd4 30. Bxd4 Bxa3 31. Ra1 Bb4 32. Bb6 Bc3 33. Ra4 Nf6 34. Bxa5 Bxa5 35. Rxa5 Bc6 36. Bb3 Kf7 37. Ra7+ Bd7 38. Ba4 Ke8 39. f4 Bxa4 40. Rxa4 Kf7 41. h3 Nd5 42. Kf2 Kf6 43. Kf3 h5 44. Re4 g6 45. Re5 Ke7 46. g3 Kf6 47. Ke4 Nb6 48. Rc5 Nd5 49. g4 hxg4 50. hxg4 g5 51. f5 Nf4 52. Rc6 Ke7 53. fxe6 Kf6 54. e7+ Kxe7 55. Kf5 Nh3 56. Rh6 Nf4 57. Kxg5 Nd5 58. Ra6 Kf7 59. Ra7+ Kf8 60. Kh6 Kg8 61. g5 Ne3 62. Ra8+ Kf7 63. g6+ Kf6 64. Rf8+ Ke7 65. g7 Ng4+ 66. Kh7 1-0

[Event "CMA Futurity 2017.02.14 ABC"]
[Site "Toronto CAN"]
[Date "2017.04.16"]
[Round "4"]
[White "Uthayakumar, Ronan"]
[Black "Srinivas, Atharva"]
[Result "1-0"]
[WhiteElo "1633"]
[BlackElo "1037"]
[WhiteFideId "-1"]
[WhiteFideId "-1"]
[PlyCount "53"]
[GameId "2160767908411991"]
[EventDate "2017.04.14"]
[EventType "tourn"]
[EventRounds "5"]
[EventCountry "CAN"]
[SourceTitle "EXT 2022"]
[Source "ChessBase"]
[SourceDate "2021.10.06"]
[SourceVersion "1"]
[SourceVersionDate "2021.10.06"]
[SourceQuality "1"]

1. e4 e5 2. Nf3 Nc6 3. Bb5 a6 4. Ba4 Nf6 5. O-O d6 6. Re1 Be7 7. h3 O-O 8. c3 b5 9. Bc2 Re8 10. d4 Bf8 11. Bg5 h6 12. Bh4 Bb7 13. d5 Na7 14. a4 c6 15. axb5 Nxb5 16. c4 Na7 17. Nc3 Be7 18. c5 cxd5 19. exd5 dxc5 20. Nxe5 Nxd5 21. Qf3 f6 22. Ng6 Qd7 23. Bb3 Kh7 24. Qd3 f5 25. Nxe7 g5 26. Ncxd5 Rad8 27. Nf6+ 1-0

[Event "CMA Futurity 2017.02.14 ABC"]
[Site "Toronto CAN"]
[Date "2017.04.16"]
[Round "4"]
[White "Zhao, Harry"]
[Black "Liu, Lambert"]
[Result "1-0"]
[WhiteElo "1833"]
[BlackElo "1923"]
[WhiteFideId "-1"]
[WhiteFideId "-1"]
[PlyCount "53"]
[GameId "2160767908411992"]
[EventDate "2017.04.14"]
[EventType "tourn"]
[EventRounds "5"]
[EventCountry "CAN"]

1. d4 f5 2. f3 Nf6 3. Nc3 d5 4. Bg5 Nc6 5. Nh3 e6 6. Qd2 Be7 7. Nf4 O-O 8. e3 Nb8 9. O-O-O c5 10. dxc5 Qc7 11. Nd3 Nbd7 12. Nb5 Qb8 13. Qc3 Ne4 14. fxe4 Bxg5 15. exd5 Bxe3+ 16. Kb1 exd5 17. c6 bxc6 18. Qxc6 Nf6 19. Nb4 a6 20. Nxd5 Nxd5 21. Qxd5+ Kh8 22. Nd6 Ra7 23. Nf7+ Kg8 24. Bc4 f4 25. Qh5 Bf5 26. Qxf5 Raxf7 27. Rd7 1-0

[Event "CMA Futurity 2017.02.14 ABC"]
[Site "Toronto CAN"]
[Date "2017.04.16"]
[Round "5"]
[White "Hua, Eugene"]
[Black "Noritsyn, Sergey"]
[Result "1-0"]
[WhiteElo "2163"]
[BlackElo "2097"]
[WhiteFideId "-1"]
[WhiteFideId "-1"]
[PlyCount "69"]
[GameId "2160767908411995"]
[EventDate "2017.04.14"]
[EventType "tourn"]
[EventRounds "5"]
[EventCountry "CAN"]
[SourceTitle "EXT 2022"]
[Source "ChessBase"]
[SourceDate "2021.10.06"]
[SourceVersion "1"]
[SourceVersionDate "2021.10.06"]
[SourceQuality "1"]

1. c4 Nf6 2. g3 c5 3. Bg2 g6 4. Nc3 Nc6 5. Nf3 Bg7 6. d4 cxd4 7. Nxd4 O-O 8. O-O Nxd4 9. Qxd4 d6 10. Qd3 a6 11. Be3 Bf5 12. Qd2 Qc8 13. Rfc1 Bh3 14. Bh1 Rb8 15. Ba7 Ra8 16. Bd4 e5 17. Be3 Ng4 18. Nd5 Qd8 19. Bb6 Qd7 20. c5 e4 21. cxd6 Rfe8 22. Nc7 Bh6 23. e3 Ne5 24. Qd5 Qg4 25. Bxe4 Nd7 26. Bf3 Qb4 27. Bd4 Be6 28. Qxb7 Qxd6 29. Nxa8 Ne5 30. Bg2 Nd3 31. Rc6 Qd8 32. Nc7 Rf8 33. Nxe6 fxe6 34. Rc7 e5 35. Bd5+ 1-0

[Event "CMA Futurity 2017.02.14 ABC"]
[Site "Toronto CAN"]
[Date "2017.04.16"]
[Round "5"]
[White "Kang, Dorian"]
[Black "Li, Eric M"]
[Result "0-1"]
[WhiteElo "1612"]
[BlackElo "1753"]
[WhiteFideId "-1"]
[WhiteFideId "-1"]
[PlyCount "88"]
[GameId "2160767740522649"]
[EventDate "2017.04.14"]
[EventType "tourn"]
[EventRounds "5"]
[EventCountry "CAN"]

1. c4 e5 2. Nc3 Nc6 3. e4 Bc5 4. g3 d6 5. Bg2 f5 6. d3 Nf6 7. Nge2 O-O 8. O-O Qe8 9. Be3 Bb6 10. Bxb6 axb6 11. d4 exd4 12. Nxd4 fxe4 13. Re1 Qf7 14. Bxe4 Nxe4 15. Nxe4 Qxc4 16. Nb3 Ne5 17. f4 Bg4 18. Qc1 Qxc1 19. Rexc1 Nc6 20. a3 Rfe8 21. Nc3 Re3 22. Re1 Rae8 23. Rxe3 Rxe3 24. Kf2 Re7 25. Re1 Rxe1 26. Kxe1 Be6 27. Nd2 Nd4 28. Kf2 Kf8 29. Ke3 c5 30. Kd3 b5 31. b4 b6 32. h3 Bf5+ 33. Nde4 d5 34. Nxd5 Nc2 35. Nxb6 cxb4 36. axb4 Nxb4+ 37. Kc3 Nc6 38. Nf2 Be6 39. g4 Ke7 40. Nd3 Kd6 41. f5 Bf7 42. Nb4 Ne7 43. Kd4 h5 44. Kc3 Kc7 {Black went on to win. Cant read scoresheet} 0-1